000 00553nam a2200193Ia 4500
005 20260120132123.0
008 008 260114s9999 xx 000 0 eng d
020 _a9781383022759
037 _aEBOOK
040 _aCRL
_beng
_cCRL
041 _aeng
_2eng
084 _qCRL
100 _aCameron
_9935184
245 2 _aA History of the Treatment of Renal Failure by Dialysis
260 _bOxford University PressOxford University Press
_c2023
856 _uhttps://academic.oup.com/book/52429
942 _cEBOOK
999 _c1527107
_d1527107